|
|
|
|
| LEADER |
01614nam a22003734a 4500 |
| 001 |
35524 |
| 003 |
BD-DhAAL |
| 005 |
20211130112809.0 |
| 008 |
190916t2005 caua b 001 0 eng d |
| 999 |
|
|
|c 41266
|d 41266
|
| 010 |
|
|
|a 2004010042
|
| 020 |
|
|
|a 1412904951
|
| 020 |
|
|
|a 141290496X (pbk.)
|
| 020 |
|
|
|a 9781412904964
|
| 040 |
|
|
|a DLC
|c DLC
|d DLC
|d BD-DhAAL
|
| 042 |
|
|
|a pcc
|
| 043 |
|
|
|a e-uk-en
|
| 050 |
0 |
0 |
|a LB2901
|b .F85 2005
|
| 082 |
0 |
0 |
|a 371.200941
|2 22
|
| 100 |
1 |
|
|a Fullan, Michael.
|9 34665
|
| 245 |
1 |
0 |
|a Leadership & sustainability :
|b system thinkers in action /
|c Michael Fullan.
|
| 246 |
3 |
|
|a Leadership and sustainability
|
| 260 |
|
|
|a Thousand Oaks, Calif. :
|b Corwin Press,
|c c2005.
|
| 300 |
|
|
|a xv, 116 pages :
|b illustrations ;
|c 24 cm.
|
| 504 |
|
|
|a Includes bibliographical references (pages 105-108) and index.
|
| 505 |
0 |
|
|a The starting point -- The intriguing nature of sustainability -- Leadership to the fore -- The new work of leaders -- Leadership at the school level -- Leadership at the district level -- Leadership at the system level.
|
| 526 |
|
|
|a BIED
|
| 541 |
|
|
|a Complimentary copy from BIED
|e 35524
|
| 650 |
|
0 |
|a School management and organization
|z England.
|9 34666
|
| 650 |
|
0 |
|a Educational change
|z England.
|9 34667
|
| 650 |
|
0 |
|a Educational leadership
|z England.
|9 34668
|
| 852 |
|
|
|a Ayesha Abed Library
|c BIED Collection
|
| 942 |
|
|
|2 ddc
|c BK
|
| 952 |
|
|
|0 0
|1 0
|2 ddc
|4 0
|6 371_200941000000000_FUL
|7 0
|9 66321
|a BRACUL
|b BRACUL
|c GEN
|d 2019-09-16
|e Complimentary copy from BIED
|l 0
|o 371.200941 FUL
|p 3010035524
|r 2019-09-16
|t 1
|w 2019-09-16
|y BK
|x Transferred from BIED to General Stacks
|